Me llamo Rigoberta Menchú y así me nació la conciencia

Texto literario tipo testimonio en el que la propia Rigoberta Menchú, mujer líder guatemalteca, relata su vida como maya y el maltrato que reciben los pueblos indígenas. En 1992 Rigoberta ganó el Premio Nobel de la Paz, siendo la persona más joven en recibir este premio, por su lucha contra los abus...

وصف كامل

محفوظ في:
التفاصيل البيبلوغرافية
المؤلف الرئيسي: Burgos, Elizabeth
التنسيق: كتاب
اللغة:Undetermined
منشور في: México, Distrito Federal Siglo XXI editores 1986
الطبعة:2
الموضوعات:
الوسوم: إضافة وسم
لا توجد وسوم, كن أول من يضع وسما على هذه التسجيلة!

MARC

LEADER 00000nam a2200000Ia 4500
008 170316s9999 xx 000 0 und d
040 |a cru BVZT 
090 |a 860 B-40m 
100 |a Burgos, Elizabeth  |9 1347 
245 |a Me llamo Rigoberta Menchú y así me nació la conciencia 
250 |a 2 
260 |a México, Distrito Federal 
260 |b Siglo XXI editores 
260 |c 1986 
300 |a 289 páginas 
520 |a Texto literario tipo testimonio en el que la propia Rigoberta Menchú, mujer líder guatemalteca, relata su vida como maya y el maltrato que reciben los pueblos indígenas. En 1992 Rigoberta ganó el Premio Nobel de la Paz, siendo la persona más joven en recibir este premio, por su lucha contra los abusos y la violencia que sufrían los pueblos indígenas de Guatemala 
650 |a LITERATURA LATINOAMERICANA  |9 15 
650 |a RIGOBERTA MENCHÚ  |9 1348 
999 |c 8468  |d 8468 
942 |c SALA  |h 860 B-40m  |2 z